|
|
|
|
| LEADER |
00000nam0a2200000 4500 |
| 001 |
327590 |
| 005 |
20231102003956.0 |
| 035 |
|
|
|a (RuTPU)RU\TPU\book\353275
|
| 090 |
|
|
|a 327590
|
| 100 |
|
|
|a 20170201d1909 k y0rusy50 ca
|
| 101 |
0 |
|
|a rus
|
| 102 |
|
|
|a RU
|
| 105 |
|
|
|a y g 001zy
|
| 200 |
1 |
|
|a Горное и заводское дело в России
|e справочная адресная книга о горнопромышленных и заводских предприятиях Российской империи с статистическими сведениями за 1907 год и 2-мя горнопромышленными картами: Европейской России в масштабе 60 верст в дюйм, Азиатской России в масштабе 100 верст в дюйм
|f сост. Ф. Г. Косинский ; под ред. А. Карпинского
|
| 210 |
|
|
|a Санкт-Петербург
|c Типография Ф. Вайсберга и П. Гершунина
|d 1909
|
| 215 |
|
|
|a 430 с.
|
| 300 |
|
|
|a Текст в русской дореформенной орфографии
|
| 317 |
|
|
|5 63413507: 103//61
|a Поступил в НТБ в 1928 г. в дар от В. И. Минаева
|
| 320 |
|
|
|a Алфавитный указатель приисков, рудников,промыслов, заводов, фабрик, копей, карьеров, ломок, каменоломен, минеральных источников и прочих горнопромышленных и заводских предприятий: с. 9-35
|
| 320 |
|
|
|a Алфавитный список горнопромышленников и горнопромышленных обществ, компаний и товариществ Российской Империи: с. 36-70
|
| 320 |
|
|
|a Перечень горных округов Российской Империи: с. 70-77
|
| 606 |
1 |
|
|a Горное дело
|2 stltpush
|3 (RuTPU)RU\TPU\subj\7566
|9 35173
|
| 610 |
1 |
|
|a Российская империя
|
| 610 |
1 |
|
|a статистические данные
|
| 610 |
1 |
|
|a горная промышленность
|
| 610 |
1 |
|
|a заводы
|
| 610 |
1 |
|
|a горные предприятия
|
| 610 |
1 |
|
|a прииски
|
| 610 |
1 |
|
|a рудники
|
| 610 |
1 |
|
|a предприятия
|
| 610 |
1 |
|
|a копи
|
| 610 |
1 |
|
|a промыслы
|
| 610 |
1 |
|
|a минеральные источники
|
| 610 |
1 |
|
|a добыча
|
| 610 |
1 |
|
|a каменоломни
|
| 610 |
1 |
|
|a минеральные воды
|
| 610 |
1 |
|
|a Коллекция Н. С. Боголюбского
|
| 610 |
1 |
|
|a справочники
|
| 675 |
|
|
|a 622
|v 4
|
| 702 |
|
1 |
|a Косинский
|b Ф. Г.
|4 220
|
| 702 |
|
1 |
|a Карпинский
|b А.
|4 340
|
| 801 |
|
1 |
|a RU
|b 63413507
|c 20170201
|
| 801 |
|
2 |
|a RU
|b 63413507
|c 20210707
|g RCR
|
| 942 |
|
|
|c BK
|